000 00649nam a22002177a 4500
003 UA-OsUOA
001 101141
007 ta
008 20130605b un ||||| |||| 00| 0 ukr d
100 _aМихайлова Ю.
090 _a330
_bМ69
942 _cSA
040 _aUA-OsUOA
_brus
_cUA-OsUOA
_dUA-OsUOA
245 _aМеждународный валютный фонд в преодолении кризиса Еврозоны
300 _aС.31-42
955 _a0
041 _arus
080 _a330
773 0 _w101139
_tМеждународная экономика
_dМ.
_d2013
_g4
650 7 _a330 Економіка взагалі
_2UDC
999 _c387391
_d387391